Quizzes
Events
Quiz Creation
Community
Videos
Private Events
Remove Ads
Sign In
Join for FREE
Feedback
Dark Mode
Quiz Categories
Sports
Geography
Music
Movies
Television
Just For Fun
Miscellaneous
History
Literature
Language
Science
Gaming
Entertainment
Religion
Holiday
For Kids
Quiz Lab
Recent
Popular Today
Quiz Kudos Today
Editor Picks
Curator Picks
Quizzes by...
Day
Popularity
Type
Ratings
Length
Year
Community
Subscriptions
Recent Discussions
Orange Saloon
Badges
Playlists
Quests
Create
Leaderboards
Showdown
Live 5
Trivia Bingo
Activity
Puzzle Library
Sporcle Events
Private Events
Virtual Trivia
Globe League
Become a Host
Pub Owners
SporcleCon
Opinionation
Our Games
Videos
Blog
Mobile Apps
Partnerships
Remove Ads and Go Orange
Feedback
Miscellaneous
Crossword
General Knowledge
Baby Names
Logo
Food
Cars
Numbers
Grab Bag
University
College
Popular
Company
Slogans
Restaurants
Justice
Letter
Miscellaneous
Crossword
General Knowledge
Baby Names
Logo
Food
Cars
Numbers
Grab Bag
University
College
Popular
Company
Slogans
Restaurants
Justice
Letter
Random Quiz
Search Sporcle
×
Quiz Lab
Quiz Lab
Miscellaneous
State
Type in answers that appear in a list
Type in answers that appear in a list
Classic
Best Score? Go Orange.
All of the States in America Stats
Can you name the All of the States in America?
By
swanky23
10m
50 Questions
128 Plays
128 Plays
128 Plays
Comments
Comments
Give Quiz Kudos
Give Quiz Kudos
-
- Ratings
hide this ad
Replay
Link that replays current quiz
Next Quiz
Link to next quiz in quiz playlist
You Got
0%
They Got
Avg Score
61%
Avg Friend Score
Upgrade to see
Score Distribution
Jump to the score distribution portion of the page
Score
0/50
Timer
10:00
0
Plays Today
Question
State?
% Correct
Can you name the state?
Alabama
85%
Can you name the state?
California
82.7%
Can you name the state?
Florida
81.9%
Can you name the state?
Washington
81.1%
Can you name the state?
New York
80.3%
Can you name the state?
Texas
77.2%
Can you name the state?
Ohio
76.4%
Can you name the state?
Alaska
74%
Can you name the state?
South Dakota
73.2%
Can you name the state?
North Dakota
71.7%
Can you name the state?
North Carolina
70.1%
Can you name the state?
Hawaii
69.3%
Can you name the state?
New Jersey
67.7%
Can you name the state?
New Mexico
67.7%
Can you name the state?
Arizona
66.1%
Can you name the state?
Arkansas
65.4%
Can you name the state?
Virginia
64.6%
Can you name the state?
Colorado
64.6%
Can you name the state?
South Carolina
64.6%
Can you name the state?
Kansas
64.6%
Can you name the state?
Mississippi
63.8%
Can you name the state?
Nevada
62.2%
Can you name the state?
Maine
62.2%
Can you name the state?
Michigan
60.6%
Can you name the state?
Illinois
59.8%
Question
State?
% Correct
Can you name the state?
Kentucky
59.1%
Can you name the state?
Tennessee
58.3%
Can you name the state?
Idaho
58.3%
Can you name the state?
Utah
57.5%
Can you name the state?
New Hampshire
57.5%
Can you name the state?
West Virginia
57.5%
Can you name the state?
Louisiana
56.7%
Can you name the state?
Maryland
55.9%
Can you name the state?
Oklahoma
55.9%
Can you name the state?
Vermont
55.9%
Can you name the state?
Delaware
55.9%
Can you name the state?
Pennsylvania
55.1%
Can you name the state?
Oregon
55.1%
Can you name the state?
Iowa
54.3%
Can you name the state?
Indiana
53.5%
Can you name the state?
Montana
52%
Can you name the state?
Wyoming
52%
Can you name the state?
Rhode Island
51.2%
Can you name the state?
Nebraska
50.4%
Can you name the state?
Massachusetts
49.6%
Can you name the state?
Wisconsin
48.8%
Can you name the state?
Minnesota
46.5%
Can you name the state?
Missouri
41.7%
Can you name the state?
Conneticut
40.2%
Can you name the state?
Georigia
14.2%
Quiz Playlist
Details
Report
Send in Message
Add To Playlist
Classic:
Type in answers that appear in a list
Last Updated: May 20, 2017
Quiz Scoreboard
CHALLENGE
Sign Up to Join the Scoreboard
Show All
Scores
Hide
Comments
May contain spoilers
Recently Published
1-10 Letter E Words III
by El_Dandy
Language
2m
One Thing in Common: World Cities II
by knightlancer
Geography
7m
Popular People in 1961
by mucciniale
History
6m
More to Explore
Quiz From the Vault
Featured Blog Post
Where Did the Easter Bunny Come From?
hide this ad
You Might Also Like...
Tags
State Quiz
America
Today's Top Quizzes in Miscellaneous
Browse Miscellaneous
hide this ad
Today's Top Quizzes in State
Browse State
Top Contributed Quizzes in Miscellaneous
1
The JOE quick-fire general knowledge quiz: Day 173
2
The JOE quick-fire general knowledge quiz: Day 172
3
Sunday Crossword: Famous Bodies of Water
4
Named After an Animal - Odd One Out!
5
sort kpop groups by number of members
6
One Thing in Common: United Kingdom II
7
The JOE quick-fire general knowledge quiz: Day 171
8
Lays Potato Chip Flavour Contest Finalists
9
The JOE quick-fire quiz: Day 170
10
Sunday Crossword: Themeless #5
Explore More
Trending Topics
Marvel
NBA
Disney
Crossword
Harry Potter
Kpop
Anime
Song
Pokémon
Soccer
WWE
The Office
Country
Puzzle
NFL
hide this ad
More By:
swanky23
Quiz
Plays
Rating
Category
Featured
Created
Flash Characters Season 1-2
680
5.00
Television
May 17, 2017
Flash Villians
169
Television
May 19, 2017
All of the States in America
128
1.00
Miscellaneous
May 19, 2017
Superheroes
28
1.00
Entertainment
May 18, 2017
Stars on Basketball Team 2016
9
3.00
Miscellaneous
May 18, 2017
Go to Creator's Profile
Score Distribution
Quiz Creator Spotlight
swanky23
Follow
Send a Message
Quizzes Created
-
Created Quiz Play Count
-
More By This Creator
Popular Quizzes Today
1
Find the US States - No Outlines Minefield
2
Find the Countries of Europe - No Outlines Minefield
3
The Countries of the World
4
Popular People in 1961
5
1-10 Letter E Words III
6
Find the US States
7
One Thing in Common: World Cities II
8
US States
More Miscellaneous Quizzes
Grab a Bag Grab Bag
Curator's Pick
Trending Quizzes
Risky Map Clicking: Least Populous States A-Z
1-10 Letter F Words
1-10 Letter G Words
One Thing in Common: United Kingdom
Risky Map Clicking: Next State Alphabetically
Recently Updated
Leaping Animals
pecheneg
Reality TV Shows (A-Z)
bhenderson79
Rickey Henderson's Hall of Fame Teammates
pecheneg
Champions League XIs: Arsenal
pecheneg
Quick Pick: Celebrities in WWE's Hall of Fame
aduchscher
A-Z Keypad Blitz II
pecheneg
Multiple Oscar Actors
pecheneg
Mystery Phrase Blitz: Oscar 'Best Actors'
pecheneg
F. Scott Fitzgerald Novels
LTH
Pick 3 Villains
ddd62291
Trending Topics
Kpop
NBA
Marvel
Anime
Harry Potter
Disney
Crossword
Song
Pokémon
NFL
WWE
Soccer
Country
Puzzle
The Office
Your Account Isn't Verified!
In order to create a playlist on Sporcle, you need to verify the email address you used during registration. Go to your
Sporcle Settings
to finish the process.
Report this User
Report this user for behavior that violates our
Community Guidelines
.
Details:
Send Report
Go to the Sporcle.com Mobile Site →
Comments